Psychológia

Guardado en:
Detalles Bibliográficos
Autor principal: Boroš, Július
Otros Autores: Ondrišková, Edita, Živčicová, Eva
Formato: Libro
Lenguaje:eslovaco
Publicado: Bratislava IRIS 1999
Materias:
Etiquetas: Agregar Etiqueta
Sin Etiquetas, Sea el primero en etiquetar este registro!

MARC

LEADER 00000nam a2200000 4500
001 0224485
005 20240111125031.5
020 |a 80-88778-87-5 
041 0 |a slo 
044 |a SK 
245 1 0 |a Psychológia  |c Július Boroš, Edita Ondrišková, Eva Živčicová 
264 1 |a Bratislava  |b IRIS  |c 1999 
300 |a 270 s. 
610 2 0 |a psychológia 
610 2 0 |a experimenty 
610 2 0 |a adaptácia 
610 2 0 |a vzdelávanie 
610 2 0 |a pozornosť aktívna 
610 2 0 |a inteligencia 
610 2 0 |a osobnosť 
610 2 0 |a motivácia 
610 2 0 |a emócie 
610 2 0 |a empatia 
610 2 0 |a vzťahy medziľudské 
610 2 0 |a psychológia práce 
610 2 0 |a psychológia pedagogická 
610 2 0 |a psychológia trhu 
610 2 0 |a psychológia reklamy 
100 1 |a Boroš, Július 
700 1 |a Ondrišková, Edita 
700 1 |a Živčicová, Eva